|
|
|
|
| LEADER |
00920nam a22002417a 4500 |
| 001 |
29622 |
| 003 |
BD-DhAAL |
| 005 |
20150819105930.0 |
| 008 |
150819s1975 bg ||||| |||| 00| 0 eng d |
| 040 |
|
|
|a BD-DhAAL
|c BD-DhAAL
|
| 082 |
|
|
|2 22
|a 307.1/412/0954
|
| 245 |
|
|
|a Report on functional education programme for destitute women in Jamalpur
|
| 260 |
|
|
|a Dhaka :
|b Bangladesh Rural Advancement Committee,
|c 1975
|
| 300 |
|
|
|a 9 p. :
|c 35 cm.
|
| 541 |
|
|
|e 29622
|
| 610 |
|
|
|a BRAC
|9 13944
|
| 610 |
|
|
|a Bangladesh Rural Advancement Committee
|9 13945
|
| 650 |
|
|
|a Rural development
|z Bangladesh
|9 13946
|
| 710 |
|
|
|a Bangladesh Rural Advancement Committee
|9 13947
|
| 852 |
|
|
|a Ayesha Abed Library
|c General Stacks
|
| 942 |
|
|
|2 ddc
|c BK
|
| 999 |
|
|
|c 35285
|d 35285
|
| 952 |
|
|
|0 0
|1 0
|2 ddc
|4 0
|6 307_141209549200000_REP
|7 0
|9 55438
|a BRACUL
|b BRACUL
|c BRS
|d 2015-08-19
|l 1
|m 1
|o 307.1412095492 REP
|p 3010029622
|r 2025-12-30
|s 2025-03-23
|t 1
|w 2015-08-19
|y BK
|